Music Quiz

Random Music or Song Quiz

Name that song!! 3 Quiz Stats

 Plays Quiz not verified by Sporcle

Also try: Artist Endings
Challenge
Share
Tweet
Embed
Score 0/10 Timer 10:00
0 Plays Today
song missing word % Correct
party ______ anthemrock
85.7%
long _____ trainblack
42.9%
ode to ______joy
42.9%
pride and ________prejudice
42.9%
star ______ bannerspangled
42.9%
if i were a ______ manrich
42.9%
fur ______elise
14.3%
who am _____i
14.3%
why _____me
0%
good ______girl
0%

You're not logged in!

Compare scores with friends on all Sporcle quizzes.
Join for Free
OR
Log In

You Might Also Like...

Show Comments

Extras

Created Aug 17, 2012ReportNominate
Tags:Song Quiz

Top Quizzes Today


Score Distribution

Your Account Isn't Verified!

In order to create a playlist on Sporcle, you need to verify the email address you used during registration. Go to your Sporcle Settings to finish the process.

Report this User

Report this user for behavior that violates our Community Guidelines.

Details: